Easements (Record no. 77243)
[ view plain ]
| 000 -LEADER | |
|---|---|
| fixed length control field | 01155cam a2200241 4500 |
| 001 - CONTROL NUMBER | |
| control field | ##L133883 |
| 008 - FIXED-LENGTH DATA ELEMENTS--GENERAL INFORMATION | |
| fixed length control field | 060615n2006 000 0 eng u |
| 035 ## - SYSTEM CONTROL NUMBER | |
| System control number | (Sirsi) u133883 |
| 041 0# - LANGUAGE CODE | |
| Language code of text/sound track or separate title | eng |
| 245 00 - TITLE STATEMENT | |
| Title | Easements |
| Remainder of title | a miscellany of points with reference to recent case law |
| 260 ## - PUBLICATION, DISTRIBUTION, ETC. | |
| Date of publication, distribution, etc. | 2006 |
| 490 #0 - SERIES STATEMENT | |
| Series statement | EMIS Property Service |
| Volume/sequential designation | 4(6) June 2006, 3-5(3) |
| 520 ## - SUMMARY, ETC. | |
| Summary, etc. | Summarises some points of law prompted by three recent cases. "Jones v Cleanthi" ([2005] EWHC 2646 (QB)) concerns the extinguishment of an easement impliedly by statute. "Carter v Cole" ([2006] EWCA Civ 398, L133715) concerns a dispute relating to the repair of a right of way. "Kent v Kavanagh" ([2006] EWCA Civ 162, L133943) concerns the continuation of an implied easement following enfranchisement of adjacent properties, and involved analysis of the Law of Property Act 1925 s62. |
| 590 ## - LOCAL NOTE (RLIN) | |
| Local note | IKA040706 |
| 650 24 - SUBJECT ADDED ENTRY--TOPICAL TERM | |
| Topical term or geographic name entry element | JONES V CLEANTHI |
| 650 24 - SUBJECT ADDED ENTRY--TOPICAL TERM | |
| Topical term or geographic name entry element | CARTER V COLE |
| 650 24 - SUBJECT ADDED ENTRY--TOPICAL TERM | |
| Topical term or geographic name entry element | KENT V KAVANAGH |
| 650 24 - SUBJECT ADDED ENTRY--TOPICAL TERM | |
| Topical term or geographic name entry element | LAW OF PROPERTY ACT 1925 S62 |
| 651 #4 - SUBJECT ADDED ENTRY--GEOGRAPHIC NAME | |
| Geographic name | England and Wales |
| Chronological subdivision | 1543- |
| 690 ## - LOCAL SUBJECT ADDED ENTRY--TOPICAL TERM (OCLC, RLIN) | |
| Topical term or geographic name as entry element | Boundary disputes |
| 9 (RLIN) | 6221 |
| 700 1# - ADDED ENTRY--PERSONAL NAME | |
| Personal name | Swerling, Leon |
| Relator term | editor. |
| 942 ## - ADDED ENTRY ELEMENTS (KOHA) | |
| Suppress in OPAC | 0 |
| Withdrawn status | Lost status | Source of classification or shelving scheme | Damaged status | Not for loan | Home library | Current library | Shelving location | Date acquired | Total Checkouts | Full call number | Barcode | Date last seen | Copy number | Price effective from | Koha item type |
|---|---|---|---|---|---|---|---|---|---|---|---|---|---|---|---|
| Dewey Decimal Classification | London | London | Journal article | 15/06/2006 | L133883 | 133883-1001 | 06/08/2019 | 1 | 06/08/2019 | Journal article |